Tratado popular de física
Gorde:
| Egile Nagusiak: | , |
|---|---|
| Formatua: | Liburua |
| Hizkuntza: | gaztelania |
| Argitaratua: |
Barcelona
Gustavo Gili
1955
|
| Edizioa: | 10a. ed |
| Gaiak: | |
| Etiketak: |
Etiketa erantsi
Etiketarik gabe, Izan zaitez lehena erregistro honi etiketa jartzen!
|
MARC
| LEADER | 00000nam a2200000 a 4500 | ||
|---|---|---|---|
| 001 | UCT2324 | ||
| 003 | CL-VaPUC | ||
| 008 | 961011e19550000SP |||||||||||||||||spa|d | ||
| 082 | 0 | 4 | |a 530 |b KLE |2 21 |
| 100 | 0 | |a Kleiber, Juan |e author |9 371364 | |
| 700 | 0 | |a Karsten, B |e author |9 371365 | |
| 245 | 1 | 0 | |a Tratado popular de física |
| 250 | |a 10a. ed | ||
| 300 | |a 592 p | ||
| 942 | |c BK | ||
| 945 | |d 19961011 00:00:00 |a paguirre | ||
| 260 | |a Barcelona |b Gustavo Gili |c 1955 | ||
| 650 | 0 | |a Física |9 227844 | |
| 650 | 0 | |a Materia |9 265041 | |
| 650 | 0 | |a Movimiento |9 322237 | |
| 650 | 0 | |a Dinámica |9 260136 | |
| 650 | 0 | |a Estática |9 260452 | |
| 650 | 0 | |a Energía |9 259431 | |
| 650 | 0 | |a Trabajo |9 313876 | |
| 650 | 0 | |a Mecánica de fluidos |9 259464 | |
| 650 | 0 | |a Magnetismo |9 260336 | |
| 650 | 0 | |a Electricidad |9 260222 | |
| 650 | 0 | |a Corrientes eléctricas |9 354960 | |
| 650 | 0 | |a Electromagnetismo |9 260123 | |
| 583 | |a last modification |c 19961011 00:00:00 |k Rodrigo Vera | ||
| 999 | |c 252472 |d 252470 | ||
| 952 | |0 0 |1 0 |4 0 |6 530_000000000000000_KLE_1955 |7 0 |8 A |9 272363 |a BIBCUR |b BIBCUR |d 2019-11-19 |i 1761137 |o 530 KLE 1955 |p 1761137 |r 2025-04-22 |w 2019-11-19 |y BK |k BCB | ||